| 000 | 01580nam2a22002411 4500 | ||
|---|---|---|---|
| 001 | rc\3374106 | ||
| 005 | 20250609230523.0 | ||
| 021 |
_aRU _b[69-105580] |
||
| 035 | _a(NLR Aleph) 007544107 | ||
| 090 |
_a9780552 _c9780552 |
||
| 100 | _a20130115d1969 |||y0rusy50 ca | ||
| 101 | 0 | _arus | |
| 102 | _aRU | ||
| 105 | _aa z ||||| | ||
| 200 | 0 | _aСекция 1 | |
| 210 |
_d1969 _aБ. м. |
||
| 215 | _a113 с., 1 л. схем. | ||
| 461 | 0 |
_1001rc\3374105 _12001#$aАвтоматизированные системы управления - вопросы разработки и внедрения$eТезисы докладов II регион. конференции по управлению производством$f[Ред. коллегия: ...д-р экон. наук В.И. Олигин-Нестеров (отв. ред.)] Секция 1-$gСвердл. обл. совет науч.-техн. о-в. Свердл. филиал ЦПКБ. Свердл. обл. дом техники НТО$vСекция 1 _99780547 _cСвердловск _d1969- _f[Ред. коллегия: ...д-р экон. наук В.И. Олигин-Нестеров (отв. ред.)] Секция 1- _nБ. и. _oТезисы докладов II регион. конференции по управлению производством _tАвтоматизированные системы управления - вопросы разработки и внедрения _vСекция 1 |
|
| 801 | 0 |
_aRU _bNLR _gpsbo |
|
| 801 | 1 |
_aRU _bELAR _2rusmarc |
|
| 852 |
_aNLR _j69-3/9316 |
||
| 942 | _cBOOK | ||
| 980 | _aNB | ||